000 00600nam a22002177a 4500
001 T027600002148
008 181111b xve|||||r|||| 00| | esp d
020 _a980-6062-40-X
099 _a370
_bR771
100 _aRondón A, Jesús M.
245 _aModelo sistemático de evaluación de programas de innovación educativa. Mosepie. El proceso constructivo de el método.
260 _a1993
300 _a79
500 _a
650 _aLenguaje.
650 _aRasgo del discurso capitalista.
650 _aInformación.
650 _aPropagandas.
650 _aEconomía.
942 _cLIB
999 _c3308
_d3308